| 000 | 00386nam a22001337a 4500 | ||
|---|---|---|---|
| 082 |
_a628.1 _bNAZ _cL-23, P-27 |
||
| 100 |
_aNazir Ahmad _944056 |
||
| 245 |
_aTube wells construction and maintenance _cNazir Ahmad |
||
| 260 |
_aLahore _bScientific research store _c1969 |
||
| 300 |
_axx, P-5-22 _bill |
||
| 526 |
_a0 _b0 _c0 _d628_100000000000000_NAZ |
||
| 650 |
_aMCE _9379 |
||
| 942 |
_2ddc _cBK |
||
| 999 |
_c548096 _d548096 |
||